Essays Reminiscences/ (Record no. 181531)
[ view plain ]
| 000 -LEADER | |
|---|---|
| fixed length control field | 00700nam a22001937a 4500 |
| 005 - DATE AND TIME OF LATEST TRANSACTION | |
| control field | 20220216161412.0 |
| 010 ## - LCCN (DPL NO) | |
| LC control number | ENG-129947 |
| 020 ## - INTERNATIONAL STANDARD BOOK NUMBER | |
| International Standard Book Number | 978-81-9447-151-6 |
| Terms of availability | 795.00 |
| 035 ## - SYSTEM CONTROL NUMBER | |
| System control number | EN-113479 |
| 037 ## - SOURCE OF ACQUISITION | |
| Source of stock number/acquisition | DBAD/PUB |
| 082 ## - DEWEY DECIMAL CLASSIFICATION NUMBER | |
| Classification number | 349.54 |
| Item number | 1 |
| 100 ## - MAIN ENTRY--PERSONAL NAME | |
| Personal name | Palkhivala |
| 245 ## - TITLE STATEMENT | |
| Title | Essays Reminiscences/ |
| Statement of responsibility, etc | by Nani A. Palkhival edited by Arvind P.Dater |
| 260 ## - PUBLICATION, DISTRIBUTION, ETC. (IMPRINT) | |
| Name of publisher, distributor, etc | Lexis Nexis publication |
| Place of publication, distribution, etc | 14th floor,Building No 10, Tower-B,DLF Cyber City, Phase-11,Gurgoan-122002,Haryana,India. |
| 270 ## - ADDRESS | |
| City | Haryana, India |
| Address | 14th floor,Building No 10, Tower-B,DLF Cyber City, Phase-11,Gurgoan-122002,Haryana,India. |
| 300 ## - PHYSICAL DESCRIPTION | |
| Extent | 532.00 |
| Dimensions | 25.00 |
| 700 ## - ADDED ENTRY--PERSONAL NAME | |
| Personal name | Arvind P.Datar |
| 942 ## - ADDED ENTRY ELEMENTS (KOHA) | |
| Source of classification or shelving scheme | Dewey Decimal Classification |
| Item type | English Books |
| Call number prefix | 349.54 |
| Call number suffix | ESS |
| Withdrawn status | Lost status | Not for loan | Home library | Current library | Date acquired | Source of acquisition | Cost, normal purchase price | Full call number | Barcode | Copy number | Cost, replacement price | Koha item type |
|---|---|---|---|---|---|---|---|---|---|---|---|---|
| Ashok Vihar | Ashok Vihar | 17/09/2021 | D.B.A.Division/PUB | 795.00 | 349.54 ESS | EN-113479 | 1 | 795.00 | English Books |
